INDIA'S G2 LEGACY: (Record no. 210901)

MARC details
000 -LEADER
fixed length control field 00548nam a2200181 4500
005 - DATE AND TIME OF LATEST TRANSACTION
control field 20250502102445.0
010 ## - LCCN (DPL NO)
LC control number ENG-144549
020 ## - INTERNATIONAL STANDARD BOOK NUMBER
International Standard Book Number 9788196872243
Terms of availability 995.00
035 ## - SYSTEM CONTROL NUMBER
System control number EN-128081
037 ## - SOURCE OF ACQUISITION
Source of stock number/acquisition DBAD
082 ## - DEWEY DECIMAL CLASSIFICATION NUMBER
Classification number 320.954
245 ## - TITLE STATEMENT
Title INDIA'S G2 LEGACY:
Remainder of title Shaping a New World Order/
Statement of responsibility, etc Manish Chand
250 ## - EDITION STATEMENT
Edition statement 1st
260 ## - PUBLICATION, DISTRIBUTION, ETC. (IMPRINT)
Place of publication, distribution, etc New Delhi
Name of publisher, distributor, etc Pentagon Press Llp
Date of publication, distribution, etc 2024
270 ## - ADDRESS
Address 206, Peacock Lane, Shahpur Jat
City New Delhi
Postal code 110049
Telephone number 011-64706243
300 ## - PHYSICAL DESCRIPTION
Extent 210p.
Dimensions 24cm(hbk)
942 ## - ADDED ENTRY ELEMENTS (KOHA)
Source of classification or shelving scheme Dewey Decimal Classification
Item type English Books
Call number suffix CHA
Classification part 320.954
Edition 1st
Holdings
Withdrawn status Lost status Not for loan Collection code Home library Current library Date acquired Source of acquisition Cost, normal purchase price Full call number Barcode Copy number Cost, replacement price Koha item type
      Non-fiction Patel Nagar Patel Nagar 09/04/2025 DBAD 995.00 320.954 CHA EN-128081 1 995.00 English Books

© Delhi Public Library
Hit Counter
free hit counter